• 首页
  • 本馆介绍
  • 公告通知
  • 最新文献
  • 馆藏检索
  • 电子资源
  • 读者导购
  • 参考咨询
  • 我的图书馆
  • 登录
  • 详细信息显示
  • 放入我的书架
  • 预约/预借图书
  • 作者相关作品
  • 分类相关作品
  • 丛书相关作品
  • 出版社相关作品

书目信息

  • 表格格式
  • 工作单格式
  • 卡片格式
题名:
历史学视角下的和声理论嬗变研究
    
 
作者: 刘媛 著
分册:  
出版信息: 北京   中国书籍出版社  2021.4
页数: 313页
开本: 24cm
丛书名: 高校学术研究论著丛刊
单 册:
中图分类: J614.1
科图分类:
主题词: 和声学--研究
电子资源:
ISBN: 978-7-5068-7518-9
000 00996nam0 2200265 45
001 012001001784
005 20141011141011.0
010    @a978-7-5068-7518-9@dCNY90.00
100    @a20210804d2021 em y0chiy50 ea
101 0  @achi
102    @aCN@b110000
105    @aag z 000yy
106    @ar
200 1  @a历史学视角下的和声理论嬗变研究@Ali shi xue shi jiao xia de he sheng li lun shan bian yan jiu@b专著@f刘媛著
210    @a北京@c中国书籍出版社@d2021.4
215    @a313页@c图@d24cm
225 1  @a高校学术研究论著丛刊@i艺术体育
330    @a本书共分为六章,主要内容包括:远古时期和声思维的先声,中世纪、文艺复兴时期的和声思维建立,巴洛克、古典时期的和声确立与功能扩充,浪漫时期的和声新拓展,浪漫时期和声长篇剧的间奏——反潮流,20世纪后的和声多元化发展。
461  0 @12001 @a高校学术研究论著丛刊
462  0 @12001 @a艺术体育
606 0  @a和声学@x研究
690    @aJ614.1@v5
701  0 @a刘媛@Aliu yuan@4著
801  2 @aCN@b江苏凤凰@c20211018
905    @b1345705-8@dJ614.1@e1377@f4
    
    历史学视角下的和声理论嬗变研究/刘媛著.-北京:中国书籍出版社,2021.4
    313页:图;24cm.-(高校学术研究论著丛刊.艺术体育)
    
    
    ISBN 978-7-5068-7518-9:CNY90.00
    本书共分为六章,主要内容包括:远古时期和声思维的先声,中世纪、文艺复兴时期的和声思维建立,巴洛克、古典时期的和声确立与功能扩充,浪漫时期的和声新拓展,浪漫时期和声长篇剧的间奏——反潮流,20世纪后的和声多元化发展。
●
相关链接 在E读中查询图书 在五车中查询图书 在当当中查询图书 在豆瓣中查询图书


正题名:历史学视角下的和声理论嬗变研究     索取号:J614.1/1377         预约/预借

序号 登录号 条形码 馆藏地/架位号 状态 备注
1 1345705   213457052   第一样本阅览室/ [索取号:J614.1/1377] 在馆    
2 1345706   213457061   第一借阅区/ [索取号:J614.1/1377] 在馆    
3 1345707   213457070   第一借阅区/ [索取号:J614.1/1377] 在馆    
4 1345708   213457089   第一借阅区/ [索取号:J614.1/1377] 在馆    
唐山师范学院图书馆 欢迎您!
大连网信软件有限公司© 版权所有